| 000 | 00686nam a2200193 ar4500 | ||
|---|---|---|---|
| 001 | 4482 | ||
| 005 | 20221127090952.0 | ||
| 008 | 160330s su 00110|ara d | ||
| 020 | _a9786039061502 | ||
| 082 | 0 | 4 |
_a291 _bع805 |
| 100 | 1 | _aالعليان، حليمة. | |
| 245 | 1 | 0 |
_aاهمية الاديان للسلم والامان / _cتاليف حليمة العليان ؛ اشراف شوكت العليان. |
| 250 | _aط. 1. | ||
| 260 |
_aالرياض : _bدار العليان، _c2015. |
||
| 300 |
_a249 ص. ؛ _c19 سم. |
||
| 504 | _aيتضمن ارجاعات ببليوجرافية وكشاف. | ||
| 650 | 4 | _aالديانات المقارنة. | |
| 650 | 4 | _aالديانات. | |
| 999 |
_c4480 _d4480 |
||